Central Library OPAC University of Rajshahi

Transport problems of India. (Record no. 7671)

MARC details
000 -LEADER
fixed length control field 00614cam a2200253K 4500
001 - CONTROL NUMBER
control field 7671
003 - CONTROL NUMBER IDENTIFIER
rucl marc code BD-RjUL
005 - DATE AND TIME OF LATEST TRANSACTION
control field 20211208234444.0
008 - FIXED-LENGTH DATA ELEMENTS--GENERAL INFORMATION
fixed length control field 140115s19501945xx 000 0 eng d
035 ## - SYSTEM CONTROL NUMBER
System control number (OCoLC)ocm00237542
System control number (BD-RjUL)
System control number (NNC)4732355
040 ## - CATALOGING SOURCE
Original cataloging agency WSU
Transcribing agency WSU
Language of cataloging eng
041 ## - LANGUAGE CODE
Language code of text/sound track or separate title eng
082 ## - DEWEY DECIMAL CLASSIFICATION NUMBER
Edition number 19
Classification number 380.50954
Author mark and year PAT 1950
098 ## - OTHER CLASSIFICATION SCHEMES (OCLC)
Call number based on other classification scheme La3
100 1# - MAIN ENTRY--PERSONAL NAME
Personal name Pant, Devidatt.
9 (RLIN) 23919
245 10 - TITLE STATEMENT
Title Transport problems of India.
250 ## - EDITION STATEMENT
Edition statement [2nd enl. ed]
260 ## - PUBLICATION, DISTRIBUTION, ETC. (IMPRINT)
Name of publisher, distributor, etc. Hind Kitabs
Date of publication, distribution, etc. [1950]
300 ## - PHYSICAL DESCRIPTION
Pagination 88 p.
650 #0 - SUBJECT ADDED ENTRY--TOPICAL TERM
Topical term or geographic name as entry element Transportation
Geographic subdivision India.
9 (RLIN) 23920
942 ## - ADDED ENTRY ELEMENTS (KOHA)
Source of classification or shelving scheme Dewey Decimal Classification
Koha item type Books
Holdings
Lost status Source of classification or shelving scheme Damaged status Not for loan Collection code Permanent Location Current Location Shelving location Date acquired Source of acquisition Cost, normal purchase price Total Checkouts Full call number Date last seen Copy number Koha item type
  Dewey Decimal Classification   Not For Loan Non-fiction Central Library, University of Rajshahi Central Library, University of Rajshahi   04/09/1957 pub,. united 2.00   380.50954 PAT 1950 15/01/2014 C1 Books